[Event "45 Otwarte Mistrzostwa Chorzowa OPEN FI"]
[Site "MDK Batory"]
[Date "2009.03.31"]
[Round "4.13"]
[White "Santura, Janusz"]
[Black "Skrzyczek, Tomasz"]
[Result "1-0"]
[WhiteElo "1852"]
[BlackElo "2027"]
[PlyCount "67"]
[EventDate "2009.??.??"]

1. d4 Nf6 2. Nf3 g6 3. c4 Bg7 4. Nc3 O-O 5. e4 d6 6. Be2 e5 7. d5 a5 8. Bg5 h6
9. Bh4 g5 10. Bg3 Na6 11. Nd2 Nc5 12. f3 Nh5 13. Bf2 Nf4 14. O-O h5 15. b3 f5
16. a3 fxe4 17. Ncxe4 Nxe4 18. Nxe4 Bh6 19. Be3 Rf7 20. Qd2 Rg7 21. g4 Qe7 22.
b4 axb4 23. axb4 Rxa1 24. Rxa1 Rf7 25. Ra8 Rf8 26. c5 Kg7 27. cxd6 cxd6 28.
Nxd6 Qxd6 29. Bc5 Qd8 30. Bxf8+ Kxf8 31. d6 Qb6+ 32. Kf1 Nh3 33. Rxc8+ Kg7 34.
Rc5 1-0

[Event "45 Otwarte Mistrzostwa Chorzowa OPEN FI"]
[Site "MDK Batory"]
[Date "2009.03.31"]
[Round "4.15"]
[White "Michalski, Edmund"]
[Black "Rosicki, Marcin"]
[Result "1-0"]
[WhiteElo "1922"]
[BlackElo "1527"]
[PlyCount "63"]
[EventDate "2009.??.??"]

1. d4 Nf6 2. Nf3 d5 3. e3 e6 4. Bd3 Bd6 5. O-O O-O 6. Nbd2 Nbd7 7. h3 h6 8. c4
c6 9. b3 e5 10. dxe5 Nxe5 11. Nxe5 Bxe5 12. Rb1 Re8 13. Nf3 Bd6 14. Bb2 Bd7 15.
Rc1 Rc8 16. Bb1 Qe7 17. Qd3 Qe4 18. Qc3 Qe7 19. Rfd1 Bb4 20. Qd3 Rcd8 21. cxd5
cxd5 22. Rc7 Bd6 23. Rxb7 a5 24. Bd4 Bc5 25. Ne5 Bxd4 26. exd4 g6 27. Nc6 Qd6
28. Nxd8 Rxd8 29. Qg3 Qa6 30. Rb8 Rxb8 31. Qxb8+ Kg7 32. Bd3 1-0

[Event "45 Otwarte Mistrzostwa Chorzowa OPEN FI"]
[Site "MDK Batory"]
[Date "2009.03.31"]
[Round "4.16"]
[White "Noga, Jozef"]
[Black "Karcz, Bartlomiej"]
[Result "1/2-1/2"]
[WhiteElo "2030"]
[BlackElo "1799"]
[PlyCount "90"]
[EventDate "2009.??.??"]

1. d4 Nf6 2. Nf3 g6 3. Nbd2 d5 4. c4 c6 5. e3 Bg7 6. cxd5 cxd5 7. Bb5+ Bd7 8.
Qb3 Bxb5 9. Qxb5+ Qd7 10. Qxd7+ Nbxd7 11. b3 O-O 12. Ba3 Rfe8 13. Ke2 e6 14.
Rac1 Rac8 15. h3 Nb6 16. Ne5 Nfd7 17. f4 f6 18. Nxd7 Nxd7 19. Nf3 e5 20. dxe5
fxe5 21. fxe5 Nxe5 22. Rxc8 Rxc8 23. Rc1 Rxc1 24. Bxc1 Nxf3 25. gxf3 Kf7 26. a4
a6 27. Kd3 Ke6 28. Bd2 b5 29. axb5 axb5 30. Bc3 Bf8 31. Ba5 Bc5 32. Bd8 Kd7 33.
Bf6 Ke6 34. Bg5 Kf5 35. Bd8 Ke6 36. Ba5 Kd6 37. Bc3 Ke6 38. Bd4 Bb4 39. Ba7 Ba3
40. Kd4 Kd6 41. Kc3 Bc5 42. Bxc5+ Kxc5 43. b4+ Kd6 44. f4 h6 45. Kd3 Kd7
1/2-1/2

[Event "45 Otwarte Mistrzostwa Chorzowa OPEN FI"]
[Site "MDK Batory"]
[Date "2009.03.31"]
[Round "4.17"]
[White "Radzikowski, Dawid"]
[Black "Czornik, Janusz"]
[Result "1-0"]
[WhiteElo "1953"]
[BlackElo "1749"]
[PlyCount "73"]
[EventDate "2009.??.??"]

1. e4 e6 2. Nc3 d5 3. exd5 exd5 4. d4 Bb4 5. Bd3 Nc6 6. Nge2 Nge7 7. O-O Bf5 8.
Ng3 Bg6 9. Nce2 Qd7 10. c3 Bd6 11. b4 Nf5 12. Nxf5 Bxf5 13. Bxf5 Qxf5 14. Ng3
Bxg3 15. fxg3 Qg6 16. Re1+ Kd7 17. c4 Rae8 18. Be3 dxc4 19. d5 Nb8 20. Qa4+ Kc8
21. Bxa7 Re4 22. Bf2 f5 23. Rxe4 fxe4 24. b5 e3 25. Bxe3 Qd3 26. Bf2 Rf8 27.
Rd1 Qe2 28. Rf1 Nd7 29. Qa8+ Nb8 30. Qa3 Nd7 31. d6 cxd6 32. Qxd6 c3 33. b6 Qc4
34. Rc1 Rf6 35. Qe7 Qe6 36. Rxc3+ Kb8 37. Qd8# 1-0

[Event "45 Otwarte Mistrzostwa Chorzowa OPEN FI"]
[Site "MDK Batory"]
[Date "2009.03.31"]
[Round "4.18"]
[White "Fraczek, Leslaw"]
[Black "Szczecina, Kamil"]
[Result "1-0"]
[WhiteElo "1908"]
[BlackElo "1686"]
[PlyCount "45"]
[EventDate "2009.??.??"]

1. d4 Nf6 2. c4 e5 3. dxe5 Ng4 4. e4 Nxe5 5. f4 Nec6 6. Be3 Bb4+ 7. Nd2 d6 8.
Ngf3 Qe7 9. Bd3 f5 10. O-O O-O 11. a3 Bxd2 12. Nxd2 fxe4 13. Bxe4 Bf5 14. Bd5+
Kh8 15. Qf3 Qf6 16. b4 a6 17. Ne4 Qe7 18. Rae1 Be6 19. Ng5 Bxd5 20. cxd5 Nd8
21. Qh5 h6 22. Bd4 Qd7 23. Qxh6+ 1-0

[Event "45 Otwarte Mistrzostwa Chorzowa OPEN FI"]
[Site "MDK Batory"]
[Date "2009.03.31"]
[Round "4.19"]
[White "Stepniewski, Jerzy"]
[Black "Rak, Dariusz"]
[Result "1/2-1/2"]
[WhiteElo "1810"]
[BlackElo "1884"]
[PlyCount "70"]
[EventDate "2009.??.??"]

1. Nf3 d5 2. c3 c5 3. e3 Nc6 4. d4 e6 5. Bd3 Nf6 6. Nbd2 Bd6 7. h3 O-O 8. O-O
c4 9. Bc2 b5 10. a3 a5 11. e4 e5 12. exd5 Nxd5 13. dxe5 Bxe5 14. Nxe5 Nxe5 15.
Qh5 Ng6 16. Nf3 Bb7 17. Rd1 Qd6 18. Rd4 Qe6 19. Bd2 Nf6 20. Qxb5 Bxf3 21. gxf3
Qxh3 22. Qf5 Qxf5 23. Bxf5 Ne5 24. Kg2 Rad8 25. Rd1 Rxd4 26. cxd4 Nc6 27. Bg5
Nd5 28. Bd7 Nb8 29. Ba4 Rc8 30. Bd2 Nc6 31. Bxc6 Rxc6 32. Bxa5 Nf4+ 33. Kf1 Rh6
34. Ke1 Re6+ 35. Kf1 Rh6 1/2-1/2

[Event "45 Otwarte Mistrzostwa Chorzowa OPEN FI"]
[Site "MDK Batory"]
[Date "2009.03.31"]
[Round "4.21"]
[White "Solek, Zenon"]
[Black "Hendel, Kazimierz"]
[Result "0-1"]
[WhiteElo "1852"]
[BlackElo "1671"]
[PlyCount "88"]
[EventDate "2009.??.??"]

1. e4 d5 2. exd5 Qxd5 3. Nc3 Qa5 4. d4 c6 5. Nf3 Nf6 6. Be2 Bf5 7. a3 e6 8. Ne5
Nbd7 9. Nc4 Qc7 10. O-O Be7 11. Re1 Nd5 12. Ne3 Nxe3 13. Bxe3 Nf6 14. Bd3 Bxd3
15. Qxd3 Ng4 16. g3 Nxe3 17. Qxe3 h6 18. Rad1 O-O 19. f4 Bd6 20. Ne4 b6 21. b4
a5 22. c3 axb4 23. axb4 Ra3 24. Qe2 Rfa8 25. Rd2 Bf8 26. Rc2 Ra1 27. Rxa1 Rxa1+
28. Kg2 Qb7 29. Kh3 Qd7 30. g4 f5 31. Nf2 Qd5 32. c4 Ra3+ 33. Kh4 Qd8+ 34. g5
Qe8 35. d5 hxg5+ 36. fxg5 e5 37. c5 bxc5 38. bxc5 g6 39. Qc4 cxd5 40. Qxd5+ Kg7
41. c6 Bd6 42. Nd3 Qh8+ 43. Kg3 e4+ 44. Qxd6 Rxd3+ 0-1

[Event "45 Otwarte Mistrzostwa Chorzowa OPEN FI"]
[Site "MDK Batory"]
[Date "2009.03.31"]
[Round "4.22"]
[White "Czornik, Adam"]
[Black "Muc, Zbigniew"]
[Result "0-1"]
[WhiteElo "1770"]
[BlackElo "1848"]
[PlyCount "56"]
[EventDate "2009.??.??"]

1. e4 c6 2. d4 d5 3. e5 Bf5 4. h4 h6 5. g4 Bd7 6. h5 e6 7. Bd3 c5 8. c3 Nc6 9.
Nf3 Qb6 10. Bc2 Rc8 11. a3 cxd4 12. cxd4 Nxd4 13. Nxd4 Bc5 14. Ne2 Bxf2+ 15.
Kf1 Bb5 16. Nbc3 Bg3 17. Kg2 Qf2+ 18. Kh3 Bxe2 19. Nxe2 Bxe5 20. Ba4+ Kf8 21.
Qf1 Qxf1+ 22. Rxf1 Nf6 23. Nf4 Ke7 24. Re1 Bxf4 25. Bxf4 Rc4 26. Bxh6 gxh6 27.
Bb3 Rd4 28. Kh4 Rxg4+ 0-1

[Event "45 Otwarte Mistrzostwa Chorzowa OPEN FI"]
[Site "MDK Batory"]
[Date "2009.03.31"]
[Round "4.23"]
[White "Mandla, Maciej"]
[Black "Kostowski, Andrzej"]
[Result "1/2-1/2"]
[WhiteElo "1690"]
[BlackElo "1846"]
[PlyCount "116"]
[EventDate "2009.??.??"]

1. e4 e5 2. Nf3 d6 3. Nc3 Nf6 4. Bc4 h6 5. d3 Nc6 6. h3 Na5 7. Bb3 Nxb3 8. axb3
Be6 9. Be3 a6 10. O-O Be7 11. Ne2 c5 12. Nh2 O-O 13. f4 exf4 14. Nxf4 Bd7 15.
Nh5 Kh7 16. c3 a5 17. Ng3 b6 18. Nf5 Bxf5 19. Rxf5 Qd7 20. Ng4 Nxg4 21. Qxg4
Qe6 22. b4 axb4 23. Rxa8 Rxa8 24. cxb4 Bf8 25. Qf3 Ra7 26. g4 g6 27. Rf6 Qa2
28. Qe2 Bg7 29. Rxd6 Qa1+ 30. Kg2 Ra2 31. Qf3 Qxb2+ 32. Bf2 Qb3 33. bxc5 bxc5
34. Rd5 Qb7 35. Kg3 Qc7+ 36. Kh4 Qe7+ 37. g5 hxg5+ 38. Kg4 Qe6+ 39. Kxg5 Qe7+
40. Kg4 Qe6+ 41. Kf4 g5+ 42. Kg3 Be5+ 43. Kg2 Kg6 44. Rxc5 f6 45. Rd5 Ra8 46.
Rc5 Ra2 47. Qf5+ Qxf5 48. exf5+ Kh5 49. Rc8 Kh6 50. Kf3 Ra4 51. Rc4 Ra3 52. Ke4
Ra2 53. Bd4 Re2+ 54. Kd5 Bxd4 55. Kxd4 Rh2 56. Rc8 Rf2 57. Rc5 Rf3 58. Ke4 Rxh3
1/2-1/2

[Event "45 Otwarte Mistrzostwa Chorzowa OPEN FI"]
[Site "MDK Batory"]
[Date "2009.03.31"]
[Round "4.26"]
[White "Rzepka, Maciej"]
[Black "Klama, Andrzej"]
[Result "1-0"]
[WhiteElo "1737"]
[BlackElo "1663"]
[PlyCount "65"]
[EventDate "2009.??.??"]

1. e4 e6 2. d3 b6 3. Nd2 Bb7 4. g3 g6 5. Bg2 Bg7 6. Ngf3 Ne7 7. c3 c5 8. O-O
Nbc6 9. Re1 d6 10. Nf1 O-O 11. h4 h6 12. N1h2 f5 13. Bd2 Kh7 14. Qc1 Ng8 15.
Bh3 Qf6 16. exf5 exf5 17. Rb1 Ne5 18. Qd1 Nxd3 19. Bg5 hxg5 20. Nxg5+ Kh8 21.
Re6 Nxb2 22. Rxb2 Qxc3 23. Rxg6 Nf6 24. Rd2 Rae8 25. Nf1 d5 26. Rd3 Qe1 27. Qf3
Re7 28. Re3 Rxe3 29. fxe3 Ng4 30. Ne6 Rg8 31. Bxg4 fxg4 32. Qxg4 Re8 33. Qh5+
1-0

[Event "45 Otwarte Mistrzostwa Chorzowa OPEN FI"]
[Site "MDK Batory"]
[Date "2009.04.01"]
[Round "5.1"]
[White "Kalinin, Oleg"]
[Black "Osipow, Nikolaj"]
[Result "1/2-1/2"]
[WhiteElo "2377"]
[BlackElo "2251"]
[PlyCount "26"]
[EventDate "2009.??.??"]

1. Nf3 Nf6 2. d4 d5 3. c4 c6 4. cxd5 cxd5 5. Nc3 Nc6 6. Bf4 a6 7. e3 e6 8. Bd3
Bd6 9. Bxd6 Qxd6 10. O-O O-O 11. Rc1 Bd7 12. a3 Rac8 13. Qe2 e5 1/2-1/2

[Event "45 Otwarte Mistrzostwa Chorzowa OPEN FI"]
[Site "MDK Batory"]
[Date "2009.04.01"]
[Round "5.2"]
[White "Galyga, Zbigniew"]
[Black "Mulet, Piotr"]
[Result "1/2-1/2"]
[WhiteElo "2217"]
[BlackElo "2303"]
[PlyCount "55"]
[EventDate "2009.??.??"]

1. d4 d5 2. Nf3 Nf6 3. c4 dxc4 4. e3 e6 5. Bxc4 c5 6. O-O a6 7. dxc5 Qxd1 8.
Rxd1 Bxc5 9. a3 b5 10. Be2 Nbd7 11. b4 Be7 12. Bb2 Bb7 13. Nbd2 Rc8 14. Rac1
O-O 15. Nd4 Nb6 16. Bf3 Bxf3 17. gxf3 Nc4 18. Nxc4 bxc4 19. Rc2 Rc7 20. Ne2 Nd7
21. Rcd2 Nb6 22. Be5 Rc6 23. Nc3 Rfc8 24. e4 f6 25. Bd4 R6c7 26. Kf1 Kf7 27.
Rb1 Rb7 28. Rdb2 1/2-1/2

[Event "45 Otwarte Mistrzostwa Chorzowa OPEN FI"]
[Site "MDK Batory"]
[Date "2009.04.01"]
[Round "5.3"]
[White "Banasik, Henryk"]
[Black "Rychlik, Bogdan"]
[Result "1-0"]
[WhiteElo "2121"]
[BlackElo "1927"]
[PlyCount "53"]
[EventDate "2009.??.??"]

1. e4 c5 2. Nf3 a6 3. c4 Nc6 4. d4 cxd4 5. Nxd4 Nf6 6. Nc3 e6 7. Nxc6 dxc6 8.
Qxd8+ Kxd8 9. e5 Nd7 10. Bf4 Bb4 11. O-O-O Bxc3 12. bxc3 Kc7 13. Be2 h6 14. h4
b5 15. Rh3 Bb7 16. h5 Nc5 17. Rd4 Na4 18. Rg3 Rhg8 19. Bd2 Rac8 20. Rdg4 Rgd8
21. Rxg7 Rd7 22. Rf3 Rf8 23. Rd3 Nc5 24. Rd4 f5 25. Rgxd7+ Nxd7 26. Bxh6 Kc8
27. Rxd7 1-0

[Event "45 Otwarte Mistrzostwa Chorzowa OPEN FI"]
[Site "MDK Batory"]
[Date "2009.04.01"]
[Round "5.4"]
[White "Marek, Eugeniusz"]
[Black "Kuciel, Wladyslaw"]
[Result "1-0"]
[WhiteElo "1920"]
[BlackElo "2121"]
[PlyCount "104"]
[EventDate "2009.??.??"]

1. c4 Nf6 2. g3 c5 3. Bg2 Nc6 4. Nc3 g6 5. Nf3 d5 6. cxd5 Nxd5 7. O-O Bg7 8. a3
O-O 9. Qc2 Nc7 10. d3 Bg4 11. Be3 Ne6 12. Qd1 Qd7 13. Qa4 Ned4 14. Bxd4 Nxd4
15. Qxd7 Bxd7 16. Nd2 Bg4 17. f3 Be6 18. Kf2 Bh6 19. f4 Bg7 20. Rab1 Rab8 21.
Nce4 Nf5 22. Nf3 Rbc8 23. b3 h6 24. Rfc1 b6 25. Ned2 Nd4 26. Ne1 Nb5 27. a4 Na3
28. Ra1 Bxa1 29. Rxa1 Rfd8 30. Rxa3 a6 31. Bb7 Rc7 32. Bxa6 Rd4 33. Nc4 Bxc4
34. Bxc4 Ra7 35. Nc2 Rd8 36. e4 e6 37. g4 Kf8 38. Ra1 Ke7 39. Na3 f5 40. gxf5
gxf5 41. Nb5 Raa8 42. e5 Rg8 43. Nc7 Rab8 44. Nxe6 Rg4 45. Rg1 Rxg1 46. Kxg1
Rg8+ 47. Kf2 Rg4 48. Kf3 Rh4 49. Kg2 Rg4+ 50. Kh3 Rg6 51. Nc7 h5 52. e6 Rg7 1-0

[Event "45 Otwarte Mistrzostwa Chorzowa OPEN FI"]
[Site "MDK Batory"]
[Date "2009.04.01"]
[Round "5.5"]
[White "Buchowski, Adam"]
[Black "Kazek, Krzysztof"]
[Result "1-0"]
[WhiteElo "1919"]
[BlackElo "2029"]
[PlyCount "59"]
[EventDate "2009.??.??"]

1. d4 e6 2. Nd2 c5 3. dxc5 Bxc5 4. Ne4 Nf6 5. Nxc5 Qa5+ 6. c3 Qxc5 7. Nf3 e5 8.
g3 Qe7 9. Bg2 O-O 10. O-O d5 11. h3 h6 12. Be3 Nc6 13. b4 Rd8 14. Bc5 Qe8 15.
b5 Na5 16. Qa4 Nc4 17. Qb4 Ne4 18. Nh2 Nxc5 19. Qxc5 Be6 20. Rfd1 b6 21. Qb4
Rac8 22. Nf3 Rc5 23. a4 f6 24. Ne1 Qh5 25. g4 Qg6 26. e4 Qf7 27. Rd3 Rdc8 28.
Rad1 dxe4 29. Bxe4 h5 30. Rd8+ 1-0

[Event "45 Otwarte Mistrzostwa Chorzowa OPEN FI"]
[Site "MDK Batory"]
[Date "2009.04.01"]
[Round "5.6"]
[White "Kaczmarek, Aleksander"]
[Black "Sztwiertnia, Krzysztof"]
[Result "1/2-1/2"]
[WhiteElo "1886"]
[BlackElo "2021"]
[PlyCount "79"]
[EventDate "2009.??.??"]

1. e4 c5 2. Nf3 d6 3. d4 cxd4 4. Nxd4 Nf6 5. Nc3 a6 6. f4 e5 7. Nf3 Qc7 8. Bd3
Nbd7 9. O-O b5 10. a3 Bb7 11. Kh1 g6 12. Qe1 Bg7 13. Qh4 O-O 14. fxe5 dxe5 15.
Bh6 Nh5 16. Bxg7 Kxg7 17. Ng5 h6 18. Rxf7+ Kg8 19. Ne6 Qd6 20. Nxf8 Kxf7 21.
Nxd7 Qxd7 22. Rf1+ Kg7 23. Be2 Nf4 24. Bg4 Qc7 25. Qe1 h5 26. Bf3 Rf8 27. g3
Ne6 28. Bg2 Rxf1+ 29. Qxf1 Nd4 30. Qc1 Kh7 31. h3 Kg7 32. Qd2 a5 33. Qf2 b4 34.
axb4 axb4 35. Nd5 Bxd5 36. exd5 Qxc2 37. Qe1 Ne2 38. Bf3 Qc1 39. Qxc1 Nxc1 40.
d6 1/2-1/2

[Event "45 Otwarte Mistrzostwa Chorzowa OPEN FI"]
[Site "MDK Batory"]
[Date "2009.04.01"]
[Round "5.7"]
[White "Janiszewski, Maciej"]
[Black "Faron, Rafal"]
[Result "1-0"]
[WhiteElo "2093"]
[BlackElo "1707"]
[PlyCount "151"]
[EventDate "2009.??.??"]

1. e4 c5 2. Nf3 Nc6 3. d4 cxd4 4. Nxd4 Nf6 5. Nc3 e5 6. Ndb5 d6 7. Bg5 a6 8.
Bxf6 gxf6 9. Na3 b5 10. Nd5 f5 11. Bd3 Be6 12. c4 bxc4 13. Nxc4 Bxd5 14. exd5
Nd4 15. Qa4+ Ke7 16. O-O Rg8 17. f4 f6 18. Rae1 Qc7 19. Nxe5 fxe5 20. Qxd4 Kd8
21. fxe5 Rg4 22. Qxg4 Qa7+ 23. Kh1 fxg4 24. Rxf8+ Ke7 25. Rxa8 Qxa8 26. exd6+
Kxd6 27. Re6+ Kd7 28. Bf5 Kd8 29. Rd6+ Ke7 30. Rd7+ Kf6 31. Bxg4 Qe8 32. Be6
Qb8 33. b3 Qb4 34. Rf7+ Ke5 35. Rf1 Qa3 36. h4 Qxa2 37. Rf3 Qe2 38. Kh2 Qe1 39.
Kh3 a5 40. h5 h6 41. Rf5+ Kd6 42. Bf7 Qe3+ 43. Rf3 Qg5 44. Bg6 Qe7 45. Bf7 Qg5
46. g4 Qe5 47. Bg6 Qe7 48. Rd3 Qe2 49. Bf5 Qf2 50. Be4 Qf4 51. Bg2 Qf6 52. Re3
Qg7 53. Bf3 Qf8 54. Kg3 Qg7 55. Re6+ Kd7 56. Kf4 Qg5+ 57. Ke4 Qd2 58. Kf5 Qg5+
59. Ke4 Qd2 60. Rg6 Qc2+ 61. Ke5 Qc3+ 62. Kf4 Qd2+ 63. Kf5 Qc2+ 64. Be4 Qxb3
65. g5 Qh3+ 66. Ke5 Qxh5 67. Bf5+ Kc7 68. d6+ Kb6 69. gxh6 Qh2+ 70. Ke6 Qe2+
71. Kf7 Qc4+ 72. Ke7 Kb5 73. h7 Qh4+ 74. Ke8 Qxh7 75. Bd3+ Kb6 76. d7+ 1-0

[Event "45 Otwarte Mistrzostwa Chorzowa OPEN FI"]
[Site "MDK Batory"]
[Date "2009.04.01"]
[Round "5.8"]
[White "Widera, Jan"]
[Black "Santura, Janusz"]
[Result "1-0"]
[WhiteElo "2030"]
[BlackElo "1852"]
[PlyCount "29"]
[EventDate "2009.??.??"]

1. e4 c6 2. c4 d5 3. exd5 cxd5 4. cxd5 Qxd5 5. Nc3 Qd8 6. d4 e6 7. Nf3 Nf6 8.
Bd3 Nc6 9. O-O Be7 10. Bg5 O-O 11. Rc1 Nb4 12. Bb1 a6 13. a3 Nbd5 14. Qd3 Qd6
15. Nxd5 1-0

[Event "45 Otwarte Mistrzostwa Chorzowa OPEN FI"]
[Site "MDK Batory"]
[Date "2009.04.01"]
[Round "5.9"]
[White "Moryson, Adrian"]
[Black "Ronke, Robert"]
[Result "1/2-1/2"]
[WhiteElo "1897"]
[BlackElo "1930"]
[PlyCount "90"]
[EventDate "2009.??.??"]

1. f4 e6 2. Nf3 d5 3. e3 Nf6 4. b3 c5 5. Bb2 Nc6 6. Bb5 Bd7 7. O-O Qb6 8. Bxc6
Bxc6 9. Ne5 Bb5 10. d3 Rd8 11. Qe2 d4 12. e4 Bd6 13. Nxf7 Kxf7 14. e5 Nd5 15.
exd6 Qxd6 16. Na3 Ba6 17. f5 Rhe8 18. Rae1 e5 19. Bc1 Kg8 20. Bg5 Nf6 21. Bxf6
gxf6 22. Qh5 Re7 23. Rf3 Rg7 24. Re4 b5 25. Rg4 Rxg4 26. Qxg4+ Kh8 27. Rg3 Qf8
28. Nb1 Qh6 29. Nd2 Bb7 30. h3 Bd5 31. Ne4 Rg8 32. Qf3 Rxg3 33. Qxg3 Bxe4 34.
dxe4 Qc1+ 35. Kh2 Qxc2 36. Qh4 Kg7 37. Qg4+ Kh8 38. Qh5 Qxe4 39. Qe8+ Kg7 40.
Qe7+ Kg8 41. Qe6+ Kg7 42. Qe7+ Kg8 43. Qxf6 Qf4+ 44. Kh1 Qf1+ 45. Kh2 Qf4+
1/2-1/2

[Event "45 Otwarte Mistrzostwa Chorzowa OPEN FI"]
[Site "MDK Batory"]
[Date "2009.04.01"]
[Round "5.10"]
[White "Klementys, Jerzy"]
[Black "Michalski, Edmund"]
[Result "0-1"]
[WhiteElo "1859"]
[BlackElo "1922"]
[PlyCount "140"]
[EventDate "2009.??.??"]

1. d4 d5 2. c4 c6 3. Nf3 Nf6 4. Nc3 e6 5. e3 Be7 6. Bd3 Nbd7 7. O-O O-O 8. Qc2
dxc4 9. Bxc4 Nb6 10. Bd3 h6 11. Rd1 Nbd5 12. a3 Qc7 13. b4 Nxc3 14. Qxc3 Nd5
15. Qc2 a5 16. b5 cxb5 17. Qb3 b4 18. axb4 Nxb4 19. Bb1 b5 20. Bd2 Bb7 21. Ne5
Bd5 22. Qb2 Qb7 23. f3 Nc6 24. Qc2 f5 25. Nxc6 Qxc6 26. Rxa5 Rxa5 27. Bxa5 Rc8
28. Qxc6 Rxc6 29. Bd3 b4 30. e4 fxe4 31. fxe4 Ba2 32. d5 exd5 33. exd5 Bxd5 34.
Bb5 Bc5+ 35. Kf1 Rf6+ 36. Ke1 Bxg2 37. Rd8+ Rf8 38. Bc4+ Kh8 39. Rxf8+ Bxf8 40.
Kf2 Bc6 41. Bb3 Bd6 42. h4 g6 43. Bb6 Be5 44. Bc5 Bc3 45. Bf8 Kh7 46. Bc2 Bd7
47. Bb3 Bf5 48. Kf3 g5 49. hxg5 hxg5 50. Kg3 Kg6 51. Be7 Be1+ 52. Kf3 g4+ 53.
Ke2 Bc3 54. Kf2 Be4 55. Kg3 Kf5 56. Bd1 Be1+ 57. Kh2 g3+ 58. Kg1 Bc3 59. Bc5
Ke5 60. Kf1 Bd5 61. Bb6 g2+ 62. Ke2 Kf4 63. Kf2 Ke5 64. Bc7+ Kd4 65. Bb6+ Kd3
66. Be2+ Kc2 67. Bb5 Kb3 68. Kg1 Ka3 69. Bc5 Ka2 70. Bxb4 Bd4+ 0-1

[Event "45 Otwarte Mistrzostwa Chorzowa OPEN FI"]
[Site "MDK Batory"]
[Date "2009.04.01"]
[Round "5.11"]
[White "Sroka, Janusz"]
[Black "Sobek, Piotr"]
[Result "1-0"]
[WhiteElo "2109"]
[BlackElo "1866"]
[PlyCount "113"]
[EventDate "2009.??.??"]

1. e4 e5 2. Nf3 Nc6 3. d3 Nf6 4. Be2 Bc5 5. c3 d5 6. Nbd2 O-O 7. O-O Bg4 8. b4
Bd6 9. a3 a6 10. Bb2 Be6 11. Qc2 Nh5 12. c4 Nf4 13. Rfe1 dxe4 14. dxe4 f5 15.
c5 Be7 16. Bc4 Bxc4 17. Qxc4+ Kh8 18. Re3 Rf6 19. exf5 Rxf5 20. Ne4 Nd4 21.
Nxd4 exd4 22. Bxd4 Qf8 23. Rae1 Nd5 24. Rg3 Bf6 25. Nxf6 Nxf6 26. Qc2 Re8 27.
Rge3 Rxe3 28. Rxe3 Rf4 29. Be5 Rg4 30. Qe2 h5 31. h3 Rg5 32. Bxc7 Qf7 33. Bd8
Qd5 34. f4 Rg6 35. Bxf6 gxf6 36. Kh2 h4 37. Re8+ Kh7 38. Qc2 Qf7 39. Qe4 f5 40.
Qe5 Rg7 41. Re6 Qf8 42. Rf6 Qd8 43. Qxf5+ Kg8 44. Qe6+ Kh8 45. Rh6+ Rh7 46.
Qe5+ Kg8 47. Rg6+ Kf8 48. f5 Qe7 49. Re6 Qd7 50. Rf6+ Rf7 51. Qd6+ Qxd6+ 52.
Rxd6 Rxf5 53. Rd8+ Ke7 54. Rb8 b5 55. Rb6 Rf6 56. Rxf6 Kxf6 57. g4 1-0

[Event "45 Otwarte Mistrzostwa Chorzowa OPEN FI"]
[Site "MDK Batory"]
[Date "2009.04.01"]
[Round "5.12"]
[White "Kempa, Stefan"]
[Black "Krzempek, Krystian"]
[Result "0-1"]
[WhiteElo "2080"]
[BlackElo "1767"]
[PlyCount "134"]
[EventDate "2009.??.??"]

1. g3 d5 2. Bg2 Nf6 3. Nf3 g6 4. d3 Bg7 5. O-O O-O 6. Nbd2 Re8 7. e4 dxe4 8.
dxe4 e5 9. b3 Nc6 10. Bb2 Bg4 11. h3 Bxf3 12. Bxf3 Qd7 13. Bg2 Rad8 14. Nc4 Qe6
15. Qe1 Nd4 16. Ne3 Bh6 17. Bxd4 exd4 18. Nd5 Nxd5 19. exd5 Qa6 20. Qd1 Bg7 21.
Qd3 Qd6 22. a4 a5 23. Rae1 Re7 24. Rxe7 Qxe7 25. Qd2 b6 26. Re1 Qd6 27. Qe2 Kf8
28. Qb5 Qd7 29. Bf1 Qxb5 30. Bxb5 Bf6 31. Bc6 Be7 32. Kf1 Bc5 33. Ke2 Kg7 34.
Kd3 h5 35. h4 Rf8 36. f4 Rd8 37. Kc4 Kf6 38. Rd1 Kf5 39. Rd3 Kg4 40. Kb5 Bd6
41. Ka6 Bc5 42. Kb7 Bd6 43. Bb5 Rf8 44. Bd7+ f5 45. Bb5 Rf7 46. Kc8 Re7 47. c3
Re3 48. Rxd4 Rxc3 49. Be8 Rxb3 50. Bxg6 Rxg3 51. Rc4 Rd3 52. Bf7 Kxh4 53. Rc1
Kg4 54. Rg1+ Kxf4 55. Rh1 Kg3 56. Rxh5 f4 57. Rg5+ Kf2 58. Be8 Rg3 59. Rf5 Kg2
60. Bb5 f3 61. Kd7 Rg4 62. Rf6 Bg3 63. Bc6 Rf4 64. Rg6 Rc4 65. Bb7 Rxa4 66. Bc6
Rc4 67. Bb7 a4 0-1

[Event "45 Otwarte Mistrzostwa Chorzowa OPEN FI"]
[Site "MDK Batory"]
[Date "2009.04.01"]
[Round "5.13"]
[White "Muc, Zbigniew"]
[Black "Radzikowski, Dawid"]
[Result "0-1"]
[WhiteElo "1848"]
[BlackElo "1953"]
[PlyCount "88"]
[EventDate "2009.??.??"]

1. e4 e5 2. Nf3 Nc6 3. Bb5 Nf6 4. O-O Nxe4 5. Re1 Nd6 6. Nxe5 Nxe5 7. Rxe5+ Be7
8. Ba4 O-O 9. Nc3 Bf6 10. Re1 Nf5 11. Nd5 c6 12. Nxf6+ Qxf6 13. Qf3 d5 14. c3
Qh4 15. Bc2 g6 16. d4 Bd7 17. h3 Rfe8 18. Bd2 Ng7 19. Bf4 Ne6 20. Be5 f5 21.
Bg3 Qh6 22. Bb3 f4 23. Bh2 Rf8 24. Re5 Ng5 25. Qd3 f3 26. Rxd5 cxd5 27. Bxd5+
Be6 28. Qc4 Nxh3+ 29. gxh3 Qg5+ 30. Bg3 Bxd5 31. Qc5 b6 32. Qb5 Qf5 33. Kh2 a6
34. Qf1 Rfe8 35. c4 Be4 36. Rd1 h5 37. d5 Bc2 38. Rd2 h4 39. Bc7 Rac8 40. Qc1
Re2 41. Rxe2 fxe2 42. Bf4 Rxc4 43. Be3 Qe5+ 44. Kg1 Qxd5 0-1

[Event "45 Otwarte Mistrzostwa Chorzowa OPEN FI"]
[Site "MDK Batory"]
[Date "2009.04.01"]
[Round "5.14"]
[White "Hendel, Kazimierz"]
[Black "Kawala, Maciej"]
[Result "0-1"]
[WhiteElo "1671"]
[BlackElo "1953"]
[PlyCount "72"]
[EventDate "2009.??.??"]

1. Nf3 d5 2. d4 Nf6 3. g3 e6 4. Bg2 Be7 5. O-O O-O 6. Re1 c5 7. b3 Nc6 8. dxc5
Bxc5 9. Ba3 Qe7 10. Bxc5 Qxc5 11. c3 Ne4 12. e3 Nxc3 13. Nxc3 Qxc3 14. Rc1 Qa5
15. Re2 Rd8 16. Nd4 Bd7 17. Nxc6 Bxc6 18. Qd4 Rac8 19. Rc5 Qc7 20. Rec2 Qd6 21.
Bh3 b6 22. R5c3 Bb7 23. Qh4 Rxc3 24. Rxc3 h6 25. Qa4 d4 26. Rd3 Qd5 27. f3 Qxf3
28. Bf1 Qh1+ 29. Kf2 Qxh2+ 30. Ke1 Qxg3+ 31. Kd2 Qf2+ 32. Be2 Bf3 33. exd4
Qxe2+ 34. Kc3 Rc8+ 35. Qc4 Rxc4+ 36. bxc4 Be4 0-1

[Event "45 Otwarte Mistrzostwa Chorzowa OPEN FI"]
[Site "MDK Batory"]
[Date "2009.04.01"]
[Round "5.15"]
[White "Blasiak, Miroslaw"]
[Black "Bogacki, Henryk"]
[Result "1-0"]
[WhiteElo "1950"]
[BlackElo "1554"]
[PlyCount "107"]
[EventDate "2009.??.??"]

1. e4 e5 2. Nf3 Nc6 3. Bc4 Nf6 4. Ng5 d5 5. exd5 Na5 6. Bb5+ c6 7. dxc6 bxc6 8.
Be2 h6 9. Nf3 e4 10. Ne5 Bd6 11. f4 Qc7 12. O-O O-O 13. Nc3 Bxe5 14. fxe5 Qxe5
15. d4 exd3 16. Qxd3 Ng4 17. Rf4 Qc5+ 18. Qd4 Qxd4+ 19. Rxd4 Nf6 20. Bf4 c5 21.
Ra4 Nc6 22. Bf3 Bb7 23. Bd6 Rfd8 24. Bxc5 Rd2 25. Rc1 Nd7 26. Be3 Rd6 27. Nb5
Rf6 28. Nc7 Rc8 29. Nd5 Rf5 30. Rf4 Rxf4 31. Bxf4 Kf8 32. Re1 Nb6 33. Nxb6 axb6
34. c3 Ba6 35. Rd1 Nd8 36. Rd7 Ne6 37. Bd6+ Kg8 38. Ra7 Bd3 39. Ra8 Rxa8 40.
Bxa8 g6 41. Bc6 Kg7 42. Kf2 h5 43. Ke3 Ba6 44. a4 f5 45. g3 Kf6 46. b4 Nd8 47.
Bd5 b5 48. axb5 Bxb5 49. c4 Ba6 50. h4 Bc8 51. b5 Bb7 52. Kd4 g5 53. hxg5+ Kxg5
54. Be7+ 1-0

[Event "45 Otwarte Mistrzostwa Chorzowa OPEN FI"]
[Site "MDK Batory"]
[Date "2009.04.01"]
[Round "5.17"]
[White "Rosicki, Marcin"]
[Black "Noga, Jozef"]
[Result "0-1"]
[WhiteElo "1527"]
[BlackElo "2030"]
[PlyCount "66"]
[EventDate "2009.??.??"]

1. e4 d5 2. exd5 Qxd5 3. Nc3 Qd6 4. d4 Nf6 5. Be2 c6 6. Nf3 Bg4 7. O-O Nbd7 8.
h3 h5 9. Qd2 Bxf3 10. Bxf3 O-O-O 11. Qf4 Rg8 12. Qxd6 exd6 13. Re1 g5 14. g4
hxg4 15. hxg4 d5 16. Kg2 Bd6 17. Be3 Nf8 18. Ne2 Ne6 19. Rg1 Nf4+ 20. Bxf4 gxf4
21. c3 Rde8 22. Rae1 Ne4 23. Bxe4 dxe4 24. f3 f5 25. Kf2 exf3 26. Kxf3 fxg4+
27. Kf2 Re3 28. Ref1 g3+ 29. Nxg3 Rexg3 30. Rxg3 fxg3+ 31. Kg2 Rh8 32. Rb1 Rh2+
33. Kg1 g2 0-1

[Event "45 Otwarte Mistrzostwa Chorzowa OPEN FI"]
[Site "MDK Batory"]
[Date "2009.04.01"]
[Round "5.18"]
[White "Skrzyczek, Tomasz"]
[Black "Stepniewski, Jerzy"]
[Result "0-1"]
[WhiteElo "2027"]
[BlackElo "1810"]
[PlyCount "56"]
[EventDate "2009.??.??"]

1. e4 g6 2. d4 Bg7 3. Nc3 d6 4. Be3 c6 5. Qd2 h6 6. f3 Nd7 7. g4 b6 8. g5 hxg5
9. Bxg5 a5 10. O-O-O Rh5 11. h4 a4 12. Nge2 Ndf6 13. Nf4 Rh8 14. d5 c5 15. Bb5+
Bd7 16. Qe2 a3 17. e5 axb2+ 18. Kb1 dxe5 19. Ne6 fxe6 20. dxe6 Kf8 21. exd7 Nh6
22. Qxe5 Nf5 23. Nd5 Nh5 24. Qe6 Rxa2 25. Kxa2 Qa8+ 26. Kb3 b1=Q+ 27. Rxb1 Nd4+
28. Kc4 Nxe6 0-1